000 00865nam a22002177a 4500
005 20100818140620.0
010 _aENG-100856
020 _a8181770242( vol II)
_c448.00
035 _aEN-84389
037 _bDBAD/PUB
082 _a581.954
100 _aSubba Rao, G V
_914760
245 _aFlora of Visakhapatnam district Andhra Pradesh volume II
_cby G V Subba rao [and] G R Kumari ; edited by P S N Rao
260 _aKolkata
_bBotanical Survey of India
_c2008
270 _aC G O Complex 3rd M S O Building DF -Block Salt Lake City
_bKolkata
_e700064
300 _aV. 2.(536p)
_c24cm(Hb)
700 _aG R Kumari
_914761
700 _aRao P S N
_914762
942 _2ddc
_cEN
_h581.954
_mRAO
999 _c42413
_d42413